LIBRARY & INFORMATION CENTRE, KCAET, TAVANUR

ONLINE PUBLIC ACCESS CATALOGUE (OPAC)

Surveying in questions and answers / (Record no. 12090)

MARC details
000 -LEADER
fixed length control field 00373cam a2200145ua 4500
003 - CONTROL NUMBER IDENTIFIER
control field OSt
008 - FIXED-LENGTH DATA ELEMENTS--GENERAL INFORMATION
fixed length control field 250506b |||||||| |||| 00| 0 eng d
041 ## - LANGUAGE CODE
Language code of text/sound track or separate title eng
082 ## - DEWEY DECIMAL CLASSIFICATION NUMBER
Classification number 526.9
Item number SHA/SU
100 ## - MAIN ENTRY--AUTHOR NAME
Personal name Shahane, .
245 ## - TITLE STATEMENT
Title Surveying in questions and answers /
260 ## - PUBLICATION, DISTRIBUTION, ETC. (IMPRINT)
Place of publication Delhi :
Name of publisher Lachman Dass,Noble book service ,
Year of publication 1953.
300 ## - PHYSICAL DESCRIPTION
Number of Pages 334 ; .
942 ## - ADDED ENTRY ELEMENTS (KOHA)
Koha item type Books
Holdings
Withdrawn status Lost status Damaged status Home library Current library Date acquired Full call number Accession Number Koha item type
      KAUAET KAUAET 07/04/2012 526.9 SHA/SU 3038 Books
free website counter